Vida del escudero Marcos de Obregón
Salvato in:
| Autore principale: | |
|---|---|
| Natura: | Libro |
| Lingua: | spagnolo |
| Pubblicazione: |
Barcelona
Bruguera
1968
|
| Serie: | Bruguera Libro Clásico, 35
|
| Soggetti: | |
| Tags: |
Aggiungi Tag
Nessun Tag, puoi essere il primo ad aggiungerne!!
|
MARC
| LEADER | 00000nam a2200000 a 4500 | ||
|---|---|---|---|
| 001 | UCQ1968 | ||
| 003 | CL-VaPUC | ||
| 008 | 980721e19680000SP |||||||||||||||||spa|d | ||
| 082 | 0 | 4 | |a 863 |b ESP |2 21 |
| 100 | 0 | |a Espinel, Vicente |e author |9 415890 | |
| 245 | 1 | 0 | |a Vida del escudero Marcos de Obregón |
| 300 | |a 437 p | ||
| 942 | |c BK | ||
| 945 | |d 19980721 00:00:00 |a lriquelm | ||
| 260 | |a Barcelona |b Bruguera |c 1968 | ||
| 650 | 0 | |a Novelas españolas |9 265052 | |
| 650 | 0 | |a Literatura española |9 306261 | |
| 583 | |a last modification |c 19980721 00:00:00 |k Rodrigo Vera | ||
| 490 | 0 | |a Bruguera Libro Clásico, 35 | |
| 999 | |c 272811 |d 272809 | ||
| 952 | |0 0 |1 0 |4 0 |6 863_000000000000000_ESP_1968 |7 0 |8 A |9 307979 |a BIBEDU |b BIBEDU |d 2019-11-20 |i 1438921 |o 863 ESP 1968 |p 1438921 |r 2019-11-20 |w 2019-11-20 |y BK |k LIT | ||